| 000 | 00383nam a2200145Ia 4500 | ||
|---|---|---|---|
| 008 | 151213s9999 xx 000 0 und d | ||
| 100 | _aShirajul Islam | ||
| 245 |
_aHistory of Bangladesh (Bangladesher Ityhas) _b1704-1971 _cShirajul Islam |
||
| 260 |
_aDhaka _bAsiatic society |
||
| 300 | _a994 p. | ||
| 650 | _aHistory | ||
| 650 | _aHistory | ||
| 700 | _aShirajul Islam | ||
| 999 |
_c998 _d998 |
||